01354nam a2200313Ia 4500001001200000003000800012006001900020007001500039008004100054020001800095020001500113040002100128035002100149050002300170100001900193245011400212260005800326300002000384490004400404504006600448533015200514650005900666650004600725651005200771655002900823710001700852830004500869856012600914ebr10231646CaPaEBRm u cr cn|||||||||070224s2007 enkb sb 001 0 eng d z9781845114725 z1845114728 aCaPaEBRcCaPaEBR a(OCoLC)29058244414aHD595b.B85 2007eb1 aBujak, Edward.10aEngland's rural realmsh[electronic resource] :blandholding and the agricultural revolution /cEdward Bujak. aLondon ;aNew York :bTauris Academic Studies,c2007. a270 p. :bmaps.1 aInternational library of economics ;v2 aIncludes bibliographical references (p. [239]-254) and index. aElectronic reproduction.bPalo Alto, Calif. :cebrary,d2009.nAvailable via World Wide Web.nAccess may be limited to ebrary affiliated libraries. 0aLand use, RuralzGreat BritainxHistoryy19th century. 0aLand tenurezGreat Britainy19th century. 0aGreat BritainxSocial conditionsy19th century. 7aElectronic books.2local2 aebrary, Inc. 0aInternational library of economics ;v2.40uhttp://site.ebrary.com/lib/rucke/Doc?id=10231646zAn electronic book accessible through the World Wide Web; click to view